[Event "SVK-chT 2324"]
[Site "Slovakia"]
[Date "2023.12.10"]
[Round "4.7"]
[White "Kubala, Jan"]
[Black "Kalisky, Vladimir"]
[Result "0-1"]
[WhiteElo "2145"]
[BlackElo "2154"]
[PlyCount "70"]
[EventDate "2023.11.04"]
[EventType "team-tourn"]
[EventRounds "11"]
[EventCountry "SVK"]
[SourceTitle "CB04_2024"]
[SourceDate "2023.10.16"]
[SourceVersion "1"]
[SourceVersionDate "2023.10.16"]
[SourceQuality "1"]
[WhiteTeam "Cadca Caissa"]
[BlackTeam "Levice"]
[WhiteTeamCountry "SVK"]
[BlackTeamCountry "SVK"]

1. e4 c5 2. Nf3 Nc6 3. d4 cxd4 4. Nxd4 Nf6 5. Nc3 g6 6. Be3 Bg7 7. Be2 0-0 8. 0-0 d5 9. exd5 Nxd5 10. Nxd5 Qxd5 11. Bf3 Qa5 12. Nxc6 bxc6 13. c3 Rd8 14. Qc1 Qc7 15. Rd1 Bf5 16. Bc5 Be5 17. g3 Rxd1+ 18. Qxd1 Rb8 19. Qe2 Rb5 20. Ba3 Bd6 21. Bxd6 exd6 22. Rd1 Re5 23. Qd2 Bh3 24. Qd4 Qe7 25. Qd2 d5 26. b4 g5 27. a3 h6 28. Rc1 f5 29. Qd1 g4 30. Bg2 Re2 31. Bxh3 gxh3 32. Qf1 f4 33. Qxh3 Re1+ 34. Rxe1 Qxe1+ 35. Kg2 f3+ 0-1

[Event "SVK-chT 2324"]
[Site "Slovakia"]
[Date "2023.11.05"]
[Round "2.8"]
[White "Kubala, Jan"]
[Black "Macko, Michal"]
[Result "1/2-1/2"]
[WhiteElo "2145"]
[BlackElo "2133"]
[PlyCount "33"]
[EventDate "2023.11.04"]
[EventType "team-tourn"]
[EventRounds "11"]
[EventCountry "SVK"]
[SourceTitle "Mega2024 Update 01"]
[Source "Chessbase"]
[SourceDate "2023.11.12"]
[SourceVersion "1"]
[SourceVersionDate "2023.11.12"]
[SourceQuality "1"]
[WhiteTeam "Cadca Caissa"]
[BlackTeam "Liptov Chess School"]
[WhiteTeamCountry "SVK"]
[BlackTeamCountry "SVK"]

1. e4 c5 2. Nf3 e6 3. d3 Nc6 4. g3 Nf6 5. Bg2 d5 6. Nbd2 Be7 7. 0-0 Qc7 8. Re1 b6 9. e5 Nd7 10. Qe2 Bb7 11. c3 g5 12. h3 h5 13. g4 hxg4 14. hxg4 0-0-0 15. Nf1 Kb8 16. Bd2 Rdg8 17. d4 1/2-1/2

[Event "SVK-chT1E 2223"]
[Site "Slovakia"]
[Date "2023.02.05"]
[Round "9.5"]
[White "Steiniger, Florian"]
[Black "Kubala, Jan"]
[Result "0-1"]
[WhiteElo "1984"]
[BlackElo "2151"]
[PlyCount "74"]
[EventDate "2022.10.15"]
[EventType "team-tourn"]
[EventRounds "11"]
[EventCountry "SVK"]
[SourceTitle "EXT 2024"]
[Source "ChessBase"]
[SourceDate "2023.10.10"]
[SourceVersion "1"]
[SourceVersionDate "2023.10.10"]
[SourceQuality "1"]
[WhiteTeam "Humenne Reinter II"]
[BlackTeam "Cadca"]
[WhiteTeamCountry "SVK"]
[BlackTeamCountry "SVK"]

1. d4 Nf6 2. e3 g6 3. f4 c5 4. c3 d5 5. Nf3 Nc6 6. Be2 Bg7 7. 0-0 0-0 8. Bd2 b6 9. Be1 Ng4 10. Qd2 f6 11. Bh4 Be6 12. Na3 Qd7 13. Rad1 Rad8 14. Ne1 Nh6 15. Bb5 Nf5 16. Qf2 Qc7 17. Be2 Bf7 18. Bf3 Nxh4 19. Qxh4 e5 20. Nec2 Rfe8 21. Rfe1 a6 22. Kh1 cxd4 23. cxd4 b5 24. Rc1 Qb6 25. Qf2 exf4 26. exf4 f5 27. Red1 Rc8 28. Qd2 Nxd4 29. Nxd4 Rxc1 30. Qxc1 Bxd4 31. Nc2 Bf6 32. Bxd5 Bxd5 33. Rxd5 Qf2 34. Rd2 Qxf4 35. Qd1 Be5 36. g3 Qe4+ 37. Kg1 Bc7 0-1

[Event "SVK-chT1E 2122"]
[Site "Slovakia"]
[Date "2022.02.27"]
[Round "5.5"]
[White "Kubala, Jan"]
[Black "Bella, Julius"]
[Result "1-0"]
[WhiteElo "2156"]
[BlackElo "1928"]
[PlyCount "77"]
[EventDate "2022.01.29"]
[EventType "team-tourn"]
[EventRounds "11"]
[EventCountry "SVK"]
[SourceTitle "EXT 2023"]
[Source "ChessBase"]
[SourceDate "2022.10.05"]
[SourceVersion "1"]
[SourceVersionDate "2022.10.05"]
[SourceQuality "1"]
[WhiteTeam "Cadca"]
[BlackTeam "Michalovce Zemplin"]
[WhiteTeamCountry "SVK"]
[BlackTeamCountry "SVK"]

1. e4 c5 2. Nf3 d6 3. d4 cxd4 4. Nxd4 Nf6 5. Nc3 g6 6. Be2 Bg7 7. 0-0 0-0 8. Re1 Nc6 9. Nb3 Qd7 10. Bg5 h6 11. Bf4 a6 12. Qd2 Kh7 13. Rad1 b5 14. Bf3 Ne5 15. Bxe5 dxe5 16. Qe3 Qa7 17. Qc5 Bg4 18. Bxg4 Nxg4 19. h3 Qxc5 20. Nxc5 Rfc8 21. Nd7 Nxf2 22. Kxf2 Rc6 23. Re2 h5 24. a3 Ra7 25. Red2 Rac7 26. Rd5 f6 27. Kf3 Rc8 28. R5d3 Kg8 29. Nd5 Kf7 30. N5b6 R8c7 31. a4 bxa4 32. c4 Bh6 33. Ra1 Ke6 34. Rxa4 Bc1 35. Rxa6 Bxb2 36. Nb8 Rd6 37. Rxd6+ exd6 38. Nd5 Bd4 39. Nxc7+ 1-0

[Event "SVK-chT1E 2122"]
[Site "Slovakia"]
[Date "2022.01.30"]
[Round "2.4"]
[White "Kubala, Jan"]
[Black "Sankova, Stella"]
[Result "0-1"]
[WhiteElo "2156"]
[BlackElo "2066"]
[PlyCount "74"]
[EventDate "2022.01.29"]
[EventType "team-tourn"]
[EventRounds "11"]
[EventCountry "SVK"]
[SourceTitle "EXT 2023"]
[Source "ChessBase"]
[SourceDate "2022.10.05"]
[SourceVersion "1"]
[SourceVersionDate "2022.10.05"]
[SourceQuality "1"]
[WhiteTeam "Cadca"]
[BlackTeam "Zvolen Slavia"]
[WhiteTeamCountry "SVK"]
[BlackTeamCountry "SVK"]

1. e4 c5 2. Nf3 e6 3. d4 cxd4 4. Nxd4 Nf6 5. Bd3 Qb6 6. Nb3 Bb4+ 7. c3 Be7 8. Be3 Qc7 9. f4 Nc6 10. 0-0 e5 11. Qf3 d6 12. f5 h5 13. h3 b6 14. N1d2 Bb7 15. Bc4 Rd8 16. Rad1 Nb8 17. Qg3 Kf8 18. Bg5 Nxe4 19. Nxe4 Bxe4 20. Bxe7+ Qxe7 21. Nd2 Bc6 22. Nf3 h4 23. Qg4 Nd7 24. Rfe1 Nf6 25. Qg5 Bxf3 26. gxf3 Rh5 27. Qe3 Rxf5 28. Rd4 Nh5 29. Bd3 Qg5+ 30. Qxg5 Rxg5+ 31. Rg4 Nf4 32. Bf1 Rxg4+ 33. hxg4 Rc8 34. Kf2 Ke7 35. Ba6 Rc5 36. Rd1 Rd5 37. Rxd5 Nxd5 0-1

[Event "SVK-chT1E 2122"]
[Site "Slovakia"]
[Date "2022.01.29"]
[Round "1.5"]
[White "Kubala, Jan"]
[Black "Zatko, Gregor"]
[Result "1/2-1/2"]
[WhiteElo "2156"]
[BlackElo "2106"]
[PlyCount "72"]
[EventDate "2022.01.29"]
[EventType "team-tourn"]
[EventRounds "11"]
[EventCountry "SVK"]
[SourceTitle "EXT 2023"]
[Source "ChessBase"]
[SourceDate "2022.10.05"]
[SourceVersion "1"]
[SourceVersionDate "2022.10.05"]
[SourceQuality "1"]
[WhiteTeam "Cadca"]
[BlackTeam "Banska Bystrica Junior"]
[WhiteTeamCountry "SVK"]
[BlackTeamCountry "SVK"]

1. e4 c5 2. Nf3 Nc6 3. d4 cxd4 4. Nxd4 e5 5. Nf3 Nf6 6. Nbd2 Bc5 7. Bc4 0-0 8. 0-0 d6 9. c3 a5 10. Qe2 Be6 11. a4 Qe7 12. Nb3 Bb6 13. Bg5 h6 14. Bh4 g5 15. Bg3 Rac8 16. Bxe6 fxe6 17. Qb5 Bd8 18. Rfe1 Nh5 19. Rad1 Qf7 20. Re2 g4 21. Ne1 Na7 22. Qd3 Bb6 23. Red2 Rcd8 24. Bh4 Rd7 25. Qe2 Nc8 26. Qxg4+ Kh7 27. Bg3 Rg8 28. Qf3 Qg6 29. Qe2 Nxg3 30. hxg3 Qxg3 31. Nd4 Qh3 32. Qf3 Qxf3 33. Ndxf3 Rdg7 34. Rxd6 Nxd6 35. Rxd6 Bc7 36. Rxe6 Rg4 1/2-1/2

[Event "SVK-chT1W 1718"]
[Site "Slovakia"]
[Date "2017.11.04"]
[Round "3.3"]
[White "Kusiak, Matej"]
[Black "Kubala, Jan"]
[Result "1/2-1/2"]
[WhiteElo "2280"]
[BlackElo "2183"]
[PlyCount "62"]
[EventDate "2017.10.21"]
[EventType "team-tourn"]
[EventRounds "11"]
[EventCountry "SVK"]
[SourceTitle "CBM 181 Extra"]
[Source "ChessBase"]
[SourceDate "2017.12.12"]
[SourceVersion "1"]
[SourceVersionDate "2017.12.12"]
[SourceQuality "1"]
[WhiteTeam "Nitra NSK"]
[BlackTeam "Bratislava Slovan III"]
[WhiteTeamCountry "SVK"]
[BlackTeamCountry "SVK"]

1. e4 e6 2. d4 d5 3. Nc3 Nf6 4. exd5 exd5 5. Nf3 Bd6 6. h3 0-0 7. Be2 c6 8. 0-0 Bf5 9. Nh4 Be6 10. Bd3 Ne4 11. Qh5 g6 12. Qh6 Be7 13. Nf3 f5 14. h4 Bf6 15. Ng5 Nxg5 16. Bxg5 Bxg5 17. hxg5 Qd6 18. Rae1 Nd7 19. Re3 Rae8 20. Rfe1 Rf7 21. g4 Ree7 22. gxf5 Bxf5 23. Rxe7 Rxe7 24. Rxe7 Qxe7 25. Bxf5 gxf5 26. Kf1 Nf8 27. Ne2 Qe4 28. Ng3 Qxd4 29. Nh5 Qd1+ 30. Kg2 Qg4+ 31. Kf1 Qd1+ 1/2-1/2

[Event "SVK-chT1W 1516"]
[Site "Slovakia"]
[Date "2016.03.20"]
[Round "11.5"]
[White "Kukucka, Matej"]
[Black "Kubala, Jan"]
[Result "1/2-1/2"]
[WhiteElo "2117"]
[BlackElo "2213"]
[PlyCount "59"]
[EventDate "2015.10.24"]
[EventType "team-tourn"]
[EventRounds "11"]
[EventCountry "SVK"]
[SourceTitle "EXT 2017"]
[Source "ChessBase"]
[SourceDate "2016.10.25"]
[SourceVersion "1"]
[SourceVersionDate "2016.10.25"]
[SourceQuality "1"]
[WhiteTeam "Povazska Bystrica"]
[BlackTeam "Bratislava Slovan III"]
[WhiteTeamCountry "SVK"]
[BlackTeamCountry "SVK"]

1. d4 Nf6 2. c4 g6 3. Nc3 Bg7 4. e4 d6 5. f4 0-0 6. Nf3 c5 7. dxc5 Qa5 8. Bd3 Qxc5 9. Qe2 Nc6 10. Be3 Qa5 11. 0-0 Be6 12. h3 Nb4 13. Bb1 Rac8 14. Nd2 Qa6 15. a3 Nh5 16. Kh2 Nc6 17. Bd3 Na5 18. c5 Qc6 19. g4 Nf6 20. f5 Bb3 21. g5 Nh5 22. f6 exf6 23. Nxb3 Nxb3 24. Nd5 Qd7 25. gxf6 Nxf6 26. Rxf6 Nxa1 27. cxd6 Nb3 28. e5 Qa4 29. Qf2 Nc1 30. Bb1 1/2-1/2

[Event "SVK-chT1W 1516"]
[Site "Slovakia"]
[Date "2015.10.24"]
[Round "1.2"]
[White "Kubala, Jan"]
[Black "Briestensky, Rastislav"]
[Result "0-1"]
[WhiteElo "2213"]
[BlackElo "2318"]
[PlyCount "56"]
[EventDate "2015.10.24"]
[EventType "team-tourn"]
[EventRounds "11"]
[EventCountry "SVK"]
[SourceTitle "CBM 170 Extra"]
[Source "ChessBase"]
[SourceDate "2016.02.25"]
[SourceVersion "1"]
[SourceVersionDate "2016.02.25"]
[SourceQuality "1"]
[WhiteTeam "Bratislava Slovan III"]
[BlackTeam "Nitra Trogar"]
[WhiteTeamCountry "SVK"]
[BlackTeamCountry "SVK"]

1. e4 c6 2. d3 d5 3. Nd2 e5 4. Ngf3 Qd6 5. g3 g6 6. Bg2 Bg7 7. 0-0 Ne7 8. Re1 0-0 9. Qe2 Nd7 10. d4 exd4 11. e5 Qe6 12. Nb3 c5 13. Bf4 h6 14. h4 Re8 15. Kh2 Qc6 16. e6 fxe6 17. Qxe6+ Qxe6 18. Rxe6 Nf6 19. Re2 Ne4 20. Ne5 g5 21. hxg5 hxg5 22. Bxe4 dxe4 23. Bxg5 Bxe5 24. Rxe4 Nc6 25. Rae1 Bf5 26. R4e2 c4 27. f4 cxb3 28. axb3 Bg4 0-1

[Event "SVK-chT 1314"]
[Site "Slovakia"]
[Date "2013.11.09"]
[Round "1.7"]
[White "Kubala, Jan"]
[Black "Kravec, Patrik"]
[Result "1/2-1/2"]
[WhiteElo "2214"]
[BlackElo "1978"]
[PlyCount "109"]
[EventDate "2013.11.09"]
[EventType "team-tourn"]
[EventRounds "11"]
[EventCountry "SVK"]
[SourceTitle "CBM 157 Extra"]
[Source "ChessBase"]
[SourceDate "2013.12.19"]
[SourceVersion "1"]
[SourceVersionDate "2013.12.19"]
[SourceQuality "1"]
[WhiteTeam "Trencin"]
[BlackTeam "Kosice Slavia TU"]
[WhiteTeamCountry "SVK"]
[BlackTeamCountry "SVK"]

1. e4 c5 2. Nf3 Nc6 3. d4 cxd4 4. Nxd4 Nf6 5. Nc3 d6 6. Be2 g6 7. 0-0 Bg7 8. Nf3 0-0 9. Re1 Bd7 10. Bf1 Qa5 11. Bd2 Qh5 12. Be2 Bg4 13. h3 Bxf3 14. Bxf3 Qc5 15. a3 Nd4 16. Be3 Nxf3+ 17. Qxf3 Qa5 18. Bd4 Nd7 19. Bxg7 Kxg7 20. Nd5 Ne5 21. Qb3 e6 22. Ne3 Qc5 23. Rad1 b5 24. Qb4 Rfd8 25. Re2 Qxb4 26. axb4 Rd7 27. Red2 Rad8 28. Ra1 f5 29. f4 Nc6 30. exf5 gxf5 31. c3 Kf6 32. Ra6 Nb8 33. Ra5 Rb7 34. Kf2 Nc6 35. Ra6 Rb6 36. Ra1 a6 37. g4 Ne7 38. Kf3 h6 39. Rg1 Rg8 40. Re1 Rc6 41. Rde2 Ng6 42. gxf5 exf5 43. Ng2 d5 44. Rd1 Rd6 45. Ne3 Ne7 46. Red2 Rgd8 47. b3 Ke6 48. Re1 Kf6 49. Nc2 Nc6 50. Rde2 d4 51. Nxd4 Nxd4+ 52. cxd4 Rxd4 53. Re6+ Kf7 54. Rxh6 Rxb4 55. Rxa6 1/2-1/2

[Event "SVK-chT1W 1213"]
[Site "Slovakia"]
[Date "2013.02.23"]
[Round "8.3"]
[White "Kukel, Imre1111"]
[Black "Kubala, Jan"]
[Result "1/2-1/2"]
[WhiteElo "2260"]
[BlackElo "2230"]
[PlyCount "41"]
[EventDate "2012.10.20"]
[EventType "team-tourn"]
[EventRounds "11"]
[EventCountry "SVK"]
[SourceTitle "EXT 2015"]
[Source "ChessBase"]
[SourceDate "2014.11.20"]
[SourceVersion "1"]
[SourceVersionDate "2014.11.20"]
[SourceQuality "1"]
[WhiteTeam "Komarno"]
[BlackTeam "Bratislava Slovan III"]
[WhiteTeamCountry "SVK"]
[BlackTeamCountry "SVK"]

1. e4 e6 2. d4 d5 3. exd5 exd5 4. c4 Nf6 5. Nc3 Be7 6. Bf4 c6 7. Bd3 0-0 8. Nge2 Be6 9. b3 Re8 10. 0-0 Nbd7 11. Qc2 Nf8 12. Be5 Ng4 13. Nf4 g6 14. Rad1 Bg5 15. Nxe6 Nxe6 16. Be2 Nxe5 17. dxe5 Qc7 18. cxd5 cxd5 19. Rxd5 Nf4 20. Rd2 Qxe5 21. Bc4 1/2-1/2

[Event "SVK-chT1W 1213"]
[Site "Slovakia"]
[Date "2012.10.21"]
[Round "2.3"]
[White "Hudoba, Ondrej"]
[Black "Kubala, Jan"]
[Result "1-0"]
[WhiteElo "2140"]
[BlackElo "2230"]
[PlyCount "63"]
[EventDate "2012.10.20"]
[EventType "team-tourn"]
[EventRounds "11"]
[EventCountry "SVK"]
[SourceTitle "EXT 2014"]
[Source "ChessBase"]
[SourceDate "2013.11.20"]
[SourceVersion "1"]
[SourceVersionDate "2013.11.20"]
[SourceQuality "1"]
[WhiteTeam "Levice"]
[BlackTeam "Bratislava Slovan III"]
[WhiteTeamCountry "SVK"]
[BlackTeamCountry "SVK"]

1. e4 e6 2. d4 d5 3. e5 c5 4. c3 Nc6 5. Nf3 Qb6 6. a3 Nh6 7. b4 cxd4 8. cxd4 Nf5 9. Bb2 Bd7 10. g4 Nfe7 11. Bd3 Ng6 12. Qd2 Be7 13. h4 0-0-0 14. h5 Nf8 15. Qc1 Kb8 16. Qf4 Bxb4+ 17. Nc3 Ba5 18. 0-0 Nxd4 19. Rab1 Nxf3+ 20. Qxf3 Qc7 21. Rfc1 Bc6 22. Nb5 Qd7 23. Bd4 b6 24. Nd6 f6 25. Ba6 Rg8 26. Qe3 Ka8 27. Rxc6 Qxc6 28. Bb5 Rxd6 29. Bxc6+ Rxc6 30. Rc1 Rxc1+ 31. Qxc1 Kb7 32. Qc2 1-0

[Event "SVK-chT1W 1112"]
[Site "Slovakia"]
[Date "2012.03.03"]
[Round "10.3"]
[White "Kubala, Jan"]
[Black "Janko, Zoltan"]
[Result "1-0"]
[WhiteElo "2240"]
[BlackElo "2287"]
[PlyCount "73"]
[EventDate "2011.10.15"]
[EventType "team-tourn"]
[EventRounds "11"]
[EventCountry "SVK"]
[SourceTitle "EXT 2013"]
[Source "ChessBase"]
[SourceDate "2012.11.22"]
[SourceVersion "1"]
[SourceVersionDate "2012.11.22"]
[SourceQuality "1"]
[WhiteTeam "Bratislava Slovan III"]
[BlackTeam "Komarno"]
[WhiteTeamCountry "SVK"]
[BlackTeamCountry "SVK"]

1. e4 c5 2. Nf3 Nc6 3. d4 cxd4 4. Nxd4 Nf6 5. Nc3 e5 6. Ndb5 d6 7. Bg5 a6 8. Na3 b5 9. Nd5 Be7 10. Bxf6 Bxf6 11. c3 0-0 12. Nc2 Rb8 13. Bd3 Be6 14. Nce3 Bg5 15. 0-0 Ne7 16. Bc2 a5 17. Qd3 g6 18. Kh1 Bxe3 19. Nxe3 d5 20. Rad1 dxe4 21. Qxe4 Qc7 22. Bb3 Bxb3 23. axb3 Rfd8 24. Ng4 Rxd1 25. Rxd1 Rd8 26. Rxd8+ Qxd8 27. h3 f5 28. Nf6+ Kf7 29. Qxe5 h6 30. c4 Qd1+ 31. Kh2 Qxb3 32. Nd5 Nxd5 33. cxd5 Qb4 34. Qc7+ Kf6 35. d6 Qf4+ 36. Kg1 Ke6 37. Qc8+ 1-0

[Event "SVK-chT 1112"]
[Site "Slovakia"]
[Date "2012.02.12"]
[Round "8.6"]
[White "Kubala, Jan"]
[Black "Skara, Vladimir"]
[Result "0-1"]
[WhiteElo "2240"]
[BlackElo "2219"]
[PlyCount "72"]
[EventDate "2011.10.22"]
[EventType "team-tourn"]
[EventRounds "11"]
[EventCountry "SVK"]
[SourceTitle "EXT 2013"]
[Source "ChessBase"]
[SourceDate "2012.11.22"]
[SourceVersion "1"]
[SourceVersionDate "2012.11.22"]
[SourceQuality "1"]
[WhiteTeam "Trencin"]
[BlackTeam "Modra"]
[WhiteTeamCountry "SVK"]
[BlackTeamCountry "SVK"]

1. e4 e6 2. d4 d5 3. e5 c5 4. c3 Qb6 5. Nf3 Nc6 6. a3 a5 7. b3 Bd7 8. Be2 Nh6 9. 0-0 cxd4 10. cxd4 Nf5 11. Bb2 h5 12. Kh1 Be7 13. Nc3 g5 14. Na4 Qa7 15. Ne1 Ncxd4 16. Bxh5 Nxb3 17. Qxb3 Rxh5 18. Nb6 a4 19. Qd1 Qxb6 20. Qxh5 Qxb2 21. Nf3 0-0-0 22. Rac1+ Kb8 23. Nxg5 Qxe5 24. f4 Qg7 25. Qxf7 Bxa3 26. Rb1 Rf8 27. Qxg7 Nxg7 28. Rf3 Bd6 29. g3 b5 30. Rd3 Kb7 31. Ne4 Be7 32. Nc3 Ka6 33. h4 b4 34. Na2 Rb8 35. g4 Bd6 36. f5 exf5 0-1

[Event "SVK-chT 1112"]
[Site "Slovakia"]
[Date "2012.02.11"]
[Round "7.7"]
[White "Kubala, Jan"]
[Black "Bezuch, Martin"]
[Result "1-0"]
[WhiteElo "2240"]
[BlackElo "2210"]
[PlyCount "63"]
[EventDate "2011.10.22"]
[EventType "team-tourn"]
[EventRounds "11"]
[EventCountry "SVK"]
[SourceTitle "EXT 2013"]
[Source "ChessBase"]
[SourceDate "2012.11.22"]
[SourceVersion "1"]
[SourceVersionDate "2012.11.22"]
[SourceQuality "1"]
[WhiteTeam "Trencin"]
[BlackTeam "Dunajska Streda"]
[WhiteTeamCountry "SVK"]
[BlackTeamCountry "SVK"]

1. e4 g6 2. d4 Bg7 3. Nf3 d6 4. Be2 Nd7 5. 0-0 e6 6. Bg5 Ne7 7. Qd2 h6 8. Be3 Nf6 9. Nc3 Ng4 10. Bf4 e5 11. dxe5 Nxe5 12. Nxe5 dxe5 13. Qxd8+ Kxd8 14. Rad1+ Bd7 15. Be3 Ke8 16. Nb5 Bxb5 17. Bxb5+ c6 18. Bc4 g5 19. g3 Ng6 20. Rd6 Nf8 21. Rfd1 Rh7 22. a4 Bh8 23. a5 f6 24. a6 b5 25. Be2 Rd7 26. Bh5+ Ke7 27. Bc5 Rxd6 28. Bxd6+ Ke6 29. Bxf8 Rxf8 30. Bg4+ Kf7 31. Rd7+ Kg6 32. Bf5+ 1-0

[Event "SVK-chT 1011"]
[Site "Slovakia"]
[Date "2011.05.07"]
[Round "10.7"]
[White "Kubala, Jan"]
[Black "Borosova, Zuzana"]
[Result "1/2-1/2"]
[WhiteElo "2230"]
[BlackElo "2292"]
[PlyCount "68"]
[EventDate "2010.11.27"]
[EventType "team-tourn"]
[EventRounds "11"]
[EventCountry "SVK"]
[SourceTitle "EXT 2012"]
[Source "ChessBase"]
[SourceDate "2011.11.24"]
[SourceVersion "1"]
[SourceVersionDate "2011.11.24"]
[SourceQuality "1"]
[WhiteTeam "Trencin"]
[BlackTeam "Dunajov"]
[WhiteTeamCountry "SVK"]
[BlackTeamCountry "SVK"]

1. e4 e5 2. Nf3 Nc6 3. Bb5 a6 4. Ba4 Nf6 5. 0-0 Be7 6. Re1 b5 7. Bb3 0-0 8. d3 d6 9. c3 Na5 10. Bc2 c5 11. Nbd2 Nc6 12. Nf1 Re8 13. a4 b4 14. Ne3 Bf8 15. h3 g6 16. Nc4 Be6 17. Bb3 Na5 18. Nxa5 Qxa5 19. Bxe6 fxe6 20. c4 Bg7 21. Be3 Qc7 22. Rc1 Qd7 23. b3 Rf8 24. Nh2 Nh5 25. g3 Rf7 26. Rf1 Raf8 27. Kg2 Qd8 28. Qg4 Nf6 29. Qd1 Nh5 30. Rc2 Kh8 31. Ng4 Qe8 32. f3 Qd8 33. Rcf2 Qe8 34. Qd2 Nf4+ 1/2-1/2

[Event "SVK-chT 1011"]
[Site "Slovakia"]
[Date "2011.05.06"]
[Round "9.7"]
[White "Kubala, Jan"]
[Black "Kovacik, Emil"]
[Result "1/2-1/2"]
[WhiteElo "2230"]
[BlackElo "2232"]
[PlyCount "70"]
[EventDate "2010.11.27"]
[EventType "team-tourn"]
[EventRounds "11"]
[EventCountry "SVK"]
[SourceTitle "EXT 2012"]
[Source "ChessBase"]
[SourceDate "2011.11.24"]
[SourceVersion "1"]
[SourceVersionDate "2011.11.24"]
[SourceQuality "1"]
[WhiteTeam "Trencin"]
[BlackTeam "Dubnica nad Vahom"]
[WhiteTeamCountry "SVK"]
[BlackTeamCountry "SVK"]

1. e4 e6 2. d4 d5 3. e5 c5 4. c3 Qb6 5. Nf3 Nc6 6. a3 f6 7. b4 fxe5 8. dxe5 c4 9. Be3 Qc7 10. Bd4 Nge7 11. g3 g6 12. Bg2 Bg7 13. Qe2 Bd7 14. 0-0 0-0 15. Re1 Nxd4 16. Nxd4 a5 17. b5 a4 18. Nd2 Qa5 19. Rac1 Nf5 20. N2f3 Rae8 21. Qb2 Rf7 22. Bh3 Bf8 23. Rc2 Bc5 24. Rd1 Nxd4 25. Nxd4 Bxd4 26. Rxd4 Qxb5 27. Qxb5 Bxb5 28. Rb2 Bc6 29. f4 b5 30. Rf2 Kg7 31. Kf1 Rc7 32. Ke2 Bd7 33. Ke3 Ra8 34. Rdd2 Rf8 35. Bg2 Rcc8 1/2-1/2

[Event "SVK-chT 1011"]
[Site "Slovakia"]
[Date "2011.02.19"]
[Round "5.6"]
[White "Pcola, Jaroslav1111"]
[Black "Kubala, Jan"]
[Result "0-1"]
[WhiteElo "2158"]
[BlackElo "2230"]
[PlyCount "102"]
[EventDate "2010.11.27"]
[EventType "team-tourn"]
[EventRounds "11"]
[EventCountry "SVK"]
[SourceTitle "EXT 2012"]
[Source "ChessBase"]
[SourceDate "2011.11.24"]
[SourceVersion "1"]
[SourceVersionDate "2011.11.24"]
[SourceQuality "1"]
[WhiteTeam "Michalovce Zemplin"]
[BlackTeam "Trencin"]
[WhiteTeamCountry "SVK"]
[BlackTeamCountry "SVK"]

1. e4 e6 2. d4 d5 3. e5 c5 4. c3 Nc6 5. Nf3 Qb6 6. Bd3 Bd7 7. dxc5 Bxc5 8. 0-0 Qc7 9. b4 Bb6 10. Re1 Nge7 11. a4 a6 12. Bf4 Ng6 13. Bg3 Rc8 14. Nbd2 0-0 15. Rc1 Qd8 16. h4 f5 17. Ng5 h6 18. Qh5 Qe8 19. Nh3 Nce7 20. a5 Bc7 21. f4 Nc6 22. Nb3 Rd8 23. Bf2 Nge7 24. Qe2 Bc8 25. Kh2 g6 26. g4 Qf7 27. g5 h5 28. Ng1 d4 29. Bxd4 Nd5 30. Qf2 Nxd4 31. Nxd4 Qd7 32. Bc4 b6 33. Nb3 Bb7 34. axb6 Bxb6 35. Nc5 Qc6 36. Bxd5 Rxd5 37. Nf3 Bxc5 38. bxc5 Rd3 39. Nd4 Qxc5 40. Qc2 Qd5 41. Re2 Qc4 42. Rd2 Rxd2+ 43. Qxd2 Rc8 44. Rb1 Ba8 45. Rc1 Rb8 46. Ne2 Qe4 47. Ng3 Qf3 48. Qa2 Bd5 49. c4 Rb3 50. cxd5 Qxg3+ 51. Kh1 Qxh4+ 0-1

[Event "SVK-chT1W 1011"]
[Site "Slovakia"]
[Date "2010.12.12"]
[Round "4.2"]
[White "Kubala, Jan"]
[Black "Szeko, Ludovit"]
[Result "1-0"]
[WhiteElo "2230"]
[BlackElo "2078"]
[PlyCount "79"]
[EventDate "2010.11.06"]
[EventType "team-tourn"]
[EventRounds "11"]
[EventCountry "SVK"]
[SourceTitle "EXT 2012"]
[Source "ChessBase"]
[SourceDate "2011.11.24"]
[SourceVersion "1"]
[SourceVersionDate "2011.11.24"]
[SourceQuality "1"]
[WhiteTeam "Bratislava Slovan III"]
[BlackTeam "Nove Zamky"]
[WhiteTeamCountry "SVK"]
[BlackTeamCountry "SVK"]

1. e4 Nf6 2. e5 Nd5 3. d4 d6 4. Nf3 g6 5. Be2 Bg7 6. 0-0 0-0 7. c4 Nb6 8. Nc3 Nc6 9. exd6 cxd6 10. Be3 Bg4 11. b3 d5 12. c5 Nd7 13. Rc1 Nf6 14. h3 Bf5 15. Ne5 Ne4 16. Nxc6 bxc6 17. b4 Nxc3 18. Rxc3 e5 19. Rb3 exd4 20. Bxd4 Bxd4 21. Qxd4 Re8 22. Bf3 Be4 23. Re1 Bxf3 24. Rxe8+ Qxe8 25. Rxf3 Qe7 26. Rf6 Re8 27. Rd6 Qb7 28. a3 Qa6 29. Kh2 Qc8 30. Qf6 Qc7 31. g3 Rc8 32. Kg2 Qb7 33. h4 h5 34. g4 hxg4 35. h5 gxh5 36. Qg5+ Kf8 37. Rh6 Ke8 38. Rh8+ Kd7 39. Qf5+ Kc7 40. Qe5+ 1-0

[Event "SVK-chT1W 1011"]
[Site "Slovakia"]
[Date "2010.12.11"]
[Round "3.2"]
[White "Cibulka, Vladimir"]
[Black "Kubala, Jan"]
[Result "1/2-1/2"]
[WhiteElo "2252"]
[BlackElo "2230"]
[PlyCount "30"]
[EventDate "2010.11.06"]
[EventType "team-tourn"]
[EventRounds "11"]
[EventCountry "SVK"]
[SourceTitle "EXT 2012"]
[Source "ChessBase"]
[SourceDate "2011.11.24"]
[SourceVersion "1"]
[SourceVersionDate "2011.11.24"]
[SourceQuality "1"]
[WhiteTeam "Tlmace"]
[BlackTeam "Bratislava Slovan III"]
[WhiteTeamCountry "SVK"]
[BlackTeamCountry "SVK"]

1. e4 e6 2. d4 d5 3. Nc3 Nf6 4. exd5 exd5 5. Bf4 Bb4 6. Bd3 0-0 7. Nge2 Re8 8. 0-0 c6 9. a3 Bd6 10. Bxd6 Qxd6 11. Ng3 Be6 12. Qd2 Nbd7 13. Rae1 Nb6 14. f3 Rad8 15. Nce2 Nc4 1/2-1/2

[Event "SVK-chT 0910"]
[Site "Slovakia"]
[Date "2010.01.23"]
[Round "5"]
[White "Kubala, Jan"]
[Black "Hrivnak, Martin"]
[Result "1-0"]
[WhiteElo "2235"]
[BlackElo "2208"]
[PlyCount "57"]
[EventDate "2009.10.24"]
[EventType "team-tourn"]
[EventRounds "11"]
[EventCountry "SVK"]
[SourceTitle "EXT 2019"]
[Source "ChessBase"]
[SourceDate "2018.10.10"]
[SourceVersion "1"]
[SourceVersionDate "2018.10.10"]
[SourceQuality "1"]
[WhiteTeam "Trencin"]
[BlackTeam "Hlohovec"]
[WhiteTeamCountry "SVK"]
[BlackTeamCountry "SVK"]

1. e4 d6 2. d4 Nf6 3. Nc3 e5 4. Nf3 Nbd7 5. Be2 c6 6. a4 Be7 7. 0-0 Qc7 8. h3 h6 9. Be3 Nf8 10. Nh4 exd4 11. Qxd4 Ne6 12. Qd2 Nxe4 13. Nxe4 d5 14. Nf5 dxe4 15. Bc4 0-0 16. f3 exf3 17. Rae1 Rd8 18. Qf2 Bf8 19. Qxf3 Rb8 20. Qg4 Kh8 21. Kh1 Ra8 22. Qh4 b5 23. Nxh6 gxh6 24. Bxh6 Bxh6 25. Qxh6+ Kg8 26. Re4 Ng7 27. Rh4 Kf8 28. Qh8+ Ke7 29. Rxf7+ 1-0